00423 2200157 4500245004600000020002200046250001100068700001600079650002000095005001900115260007000134041001400204084000800218300003000226336000900256 aLewat Sini Lebih CepatcBarbara EnihText a97B-023-118-009-0 aCet. 1 aBarbara Eni aFiksi Indonesia a20240902102632 aJakartabKementerian Pendidikan, Kebudayaan, Riset, dan Teknologi aIndonesia a813 a122 hlm., 14,8 × 21 cm : atext